| 000 | 00354nam a2200145Ia 4500 | ||
|---|---|---|---|
| 008 | 150201s2011 xx 000 0 und d | ||
| 082 |
_a616.0757 _bR11P |
||
| 100 | _aPRETORIUS , E.S. | ||
| 245 | _aRADIOLOGY SECRUTS PLUS | ||
| 250 | _a3RD | ||
| 260 |
_bELSEVIER _aDELHI _c2011 |
||
| 300 | _a1-472 | ||
| 650 | _aRADIOLOGY & DIAGNOSIS | ||
| 942 |
_2ddc _cBK _01 |
||
| 999 |
_c1300 _d1300 |
||